Qui est l'artiste parodié ? - Statistiques

Statistiques générales
  • Ce quiz a été pris 191 fois
  • Le résultat moyen est 10 sur 16
Statistiques - réponses
Par images Réponse % Correct
PNL
95%
Koba La D
88%
Jul
84%
Kaaris
77%
Vegedream
77%
Bigflo et Oli
75%
Freeze Corleone
68%
SCH
66%
Aya Nakamura
64%
Gims
61%
Damso
58%
6ix 9ine
49%
Laylow
38%
Naps
25%
1pliké140
18%
Silento
8%
Aucun quiz correspondant
Distribution des résultats
% des personnes avec chaque résultat
Percentile par nombre de réponses
Votre historique - résultats
Vous n’avez pas pris ce quiz